Biblioteca

Personas. (Registro nro. 65258)

Detalles MARC
000 -LÍDER
Campo fijo de descripción fija 01241nam a2200325 i 4500
001 - NÚMERO DE CONTROL
Campo de control 768714001
003 - IDENTIFICADOR DEL NÚMERO DE CONTROL
Campo de control CO-MdFUSB
005 - FECHA Y HORA DE LA ULTIMA TRANSACCIÓN
control field 20191022144609.0
008 - ELEMENTOS DE LONGITUD FIJA -- INFORMACIÓN GENERAL
Campo fijo de descripción fija -- Información general 190927t2012 ck a|||| |||| 00| 0 spa d
020 ## - NÚMERO INTERNACIONAL NORMALIZADO PARA LIBROS
Número Internacional Normalizado del libro 9789587584264
040 ## - FUENTE DE CATALOGACIÓN
Agencia de catalogación original CO-MdFUSB
Idioma de catalogación spa
Agencia que realiza la transcripción CO-MdFUSB
Agencia que realiza la modificación CO-MdFUSBC
Convenciones de la descripción rda
041 ## - CÓDIGO DE IDIOMA
Código de idioma para texto/pista de sonido o título separado spa
082 ## - NÚMERO DE CLASIFICACIÓN DECIMAL DEWEY
Número de la edición del Dewey 23
Número de clasificación 868
Clave de autor-Numero de item F954
100 ## - ASIENTO PRINCIPAL--NOMBRE PERSONAL
Nombre personal Fuentes, Carlos.
Término relacionador autor
245 ## - TÍTULO
Título del Material Personas.
Mención de responsabilidad, etc. / Carlos Fuentes.
264 #1 - PRODUCCIÓN, PUBLICACIÓN, DISTRIBUCIÓN, MANUFACTURA, Y COPYRIGHT
Lugar de producción, publicación, distribución, manufactura Bogotá, Colombia :
Nombre del productor, publicador, distribuidor Alfaguara,
Fecha de producción, publicación, distribución, manufactura, o copyright [2012]
264 #4 - PRODUCCIÓN, PUBLICACIÓN, DISTRIBUCIÓN, MANUFACTURA, Y COPYRIGHT
Fecha de producción, publicación, distribución, manufactura, o copyright © 2012
300 ## - DESCRIPCIÓN FÍSICA
Extensión 261 páginas
Otros detalles físicos : ilustraciones a blanco y negro
Dimensiones ; 24 cm
336 ## - TIPO DE CONTENIDO
Fuente rdacontent
Término de tipo de contenido texto
Código de tipo de contenido txt
337 ## - TIPO DE MEDIO
Fuente rdamedia
Nombre del tipo de medio sin mediación
Código del tipo de medio n
338 ## - TIPO DE SOPORTE
Fuente rdacarrier
Nombre del tipo de soporte volumen
Código Tipo de soporte nc
505 ## - NOTA DE CONTENIDO
Nota de contenido con formato preestablecido Preámbulo: Jean Daniel -- Alfonso Reyes -- Luis Bunuel. -- Magister dixit. --François Mitterrand. -- André Malraux. -- El cuarto poder -- Pablo Neruda. -- Julio Cortázar. -- Cuatro grandes gringos. --Tres mujeres desconocidas. -- Dos mujeres por conocer. -- Lázaro Cárdenas.
563 ## - NOTA DE ENCUADERNACIÓN
Nota de encuadernación Rústico
600 #0 - ASIENTO SECUNDARIO DE MATERIA - NOMBRE PERSONAL
Nombre personal Fuentes, Carlos.
Fechas asociadas con el nombre 1928-2012
Subdivisión de forma Memorias y recuerdos.
650 #7 - ASIENTO SECUNDARIO DE MATERIA - TERMINO TEMÁTICO
9 (RLIN) 2265
Término temático o nombre geográfico como elemento de entrada Literatura hispanoamericana
Fuente del encabezamiento o término embne
653 ## - TÉRMINO DE INDIZACIÓN - NO CONTROLADO
Término no controlado Ensayos mexicanos.
653 ## - TÉRMINO DE INDIZACIÓN - NO CONTROLADO
Término no controlado Relatos personales.
942 ## - TIPO DE MATERIAL (KOHA)
Tipo de Item KOHA Libros General
945 ## - INFORMACIÓN LOCAL DEL REGISTRO
Catalogador JTF-925
Existencias
Estado de Material Estado de Perdido Forma de Clasificación Estado de Dañado No para Préstamo Colección Biblioteca de Origen Biblioteca Permanente Fecha de Adquisición Área Total de Préstamos Signatura Topográfica Código de Barras Última vez visto Ejemplar/Existencia Fecha de Remplazo Tipo de Material
    Dewey Decimal Classification     Colección General Biblioteca FUSBC Biblioteca FUSBC 27/09/2019 LITERATURA   G 868 F954p 13245 11/03/2020 Ej. 1 27/09/2019 Libros General

Biblioteca FUSBC | Teléfono: (57+4) 349 88 10 Ext. 141| WhatsApp (+57) 3005338115 
E-mail: biblioteca@unisbc.edu.co | Calle 76 87-14 Robledo Palenque, Medellín, Colombia

Con tecnología Koha